| 000 | 00875nam a2200265 i 4500 | ||
|---|---|---|---|
| 003 | DO-SdBNP | ||
| 005 | 20250122123254.0 | ||
| 007 | ta | ||
| 008 | 211004b2018 dr ||||| |||| 00| 0 spa d | ||
| 020 | _a9789945168914 | ||
| 040 |
_aDO-SdBNP _bspa _cBNPHU _erda |
||
| 082 | 4 | _222 | |
| 100 | 1 |
_aMejía, Milagros _980099 |
|
| 245 | 1 | 0 |
_a Manual de inmigración a los Estados Unidos / _cMilagros Elizabeth Mejía Peña ; prólogo Lucy Arraya. |
| 264 |
_aSanto Domingo : _bBúho, _c2018. |
||
| 300 |
_a181 páginas ; _c23 cm. |
||
| 336 |
_2rdacontent _atexto _btxt |
||
| 337 |
_2rdamedia _asin mediación _bn |
||
| 338 |
_2rdacarrier _avolumen _bnc |
||
| 500 | _aIncluye datos biográficos de la autora en la solapa de la cubierta | ||
| 504 | _aBibliografía : p. 181 | ||
| 590 | _aInventariado, 2021 /LP | ||
| 700 | 1 |
_aArraya, Lucy, _eprólogo _980100 |
|
| 942 |
_2ddc _cLBS1 |
||
| 999 |
_c50692 _d50692 |
||